Miraculous Ladybug, Les Armes - Statistiques

Statistiques générales
  • Ce quiz a été pris 277 fois
  • Le résultat moyen est 11 sur 20
Statistiques - réponses
Porteur Arme % Correct
Ladybug Yoyo
100%
Chat Noir Bâton
97%
Roi Singe Bâton
97%
Rena Furtive Flûte
94%
Carapace Bouclier
80%
Monarque Canne
74%
Bunnyx Parapluie
72%
Traquemoiselle Balle
67%
Argos Éventail
64%
Vespéria Toupie
59%
Vipérion Lyre
50%
Polymouse Corde à Sauter
49%
Caprikid Pinceau
45%
Ryuko Sabre
42%
Pigella Tambourin
32%
Pégase Boomerang
28%
Tigresse Pourpre Bolas
16%
Minotaurox Maillet
16%
Coq Courage Stylo Plume
15%
Eagle Rhombe
10%
Aucun quiz correspondant
Distribution des résultats
% des personnes avec chaque résultat
Percentile par nombre de réponses
Votre historique - résultats
Vous n’avez pas pris ce quiz